000 00205nam a2200109Ia 4500
100 _a#N/A
942 _cBK
654 _afedora
245 _aFedora Core 1 Dis 3
260 _b#N/A
_c2004
546 _aENGLISH
999 _c23604
_d23604